Irrigation and interlinking of Indian rivers / (Record no. 14215)
[ view plain ]
| 000 -LEADER | |
|---|---|
| fixed length control field | 00393nam a22001457a 4500 |
| 003 - CONTROL NUMBER IDENTIFIER | |
| control field | OSt |
| 008 - FIXED-LENGTH DATA ELEMENTS--GENERAL INFORMATION | |
| fixed length control field | 241107b |||||||| |||| 00| 0 eng d |
| 020 ## - INTERNATIONAL STANDARD BOOK NUMBER | |
| ISBN | 9788170359166 |
| 082 ## - DEWEY DECIMAL CLASSIFICATION NUMBER | |
| Classification number | 631.587 |
| Item number | SHA/IR |
| 100 ## - MAIN ENTRY--AUTHOR NAME | |
| Personal name | Shailendra Nath, Thakur |
| 245 ## - TITLE STATEMENT | |
| Title | Irrigation and interlinking of Indian rivers / |
| 260 ## - PUBLICATION, DISTRIBUTION, ETC. (IMPRINT) | |
| Place of publication | New Delhi : |
| Name of publisher | Daya Publishing House, |
| Year of publication | 2014 |
| 300 ## - PHYSICAL DESCRIPTION | |
| Number of Pages | 218 |
| 942 ## - ADDED ENTRY ELEMENTS (KOHA) | |
| Koha item type | Books |
| Withdrawn status | Lost status | Damaged status | Collection code | Home library | Current library | Shelving location | Date acquired | Source of acquisition | Cost, normal purchase price | Full call number | Accession Number | Koha item type |
|---|---|---|---|---|---|---|---|---|---|---|---|---|
| KAUAET | KAUAET | Shelf- 13A | 04/06/2016 | SouthernBook Center, Tvm | 995.00 | 631.587 SHA/IR | 24909 | Books | ||||
| Non-fiction | KAUAET | KAUAET | General Stacks | 17/05/2019 | 995.00 | 551.4830954 THA/IR | 25831 | Books |
